000 00404nam a2200157Ia 4500
003 OSt
005 20230606112957.0
008 211028s2009 xx 000 0 und d
040 _cAIMIT LIBRARY
041 _aeng
100 _aPoornima, H P; Rao, Rohini.
_98206
_e071903
110 _aRohini Rao
_98207
245 _aFMCG intranet - leave application.
260 _aMangalore
_c2009
942 _2ddc
_cPRO
999 _c219772
_d219772